[Event "Guernsey Open 2011"]
[Site "Guernsey, Channel Islands"]
[Date "2011.10.16"]
[Round "1"]
[White "Sulskis, Sarunas"]
[Black "Canonne, Antoine"]
[Result "1-0"]
[WhiteElo "2577"]
[BlackElo "2007"]
[PlyCount "143"]
[EventDate "2011.10.16"]
[SourceDate "2011.11.07"]

1. Nf3 Nc6 2. e4 e5 3. d4 exd4 4. Nxd4 Bc5 5. Nf5 Qf6 6. Nc3 Nge7 7. Bd3 d5 8.
O-O Bxf5 9. exf5 O-O-O 10. Qh5 h6 11. Ne2 Ne5 12. Ng3 g6 13. Qe2 h5 14. Be3
Nxd3 15. cxd3 Bb6 16. fxg6 fxg6 17. Bxb6 axb6 18. Rae1 Kd7 19. Qe5 Rhf8 20. Re3
Qxe5 21. Rxe5 c6 22. Rfe1 Rde8 23. Ne2 Nc8 24. Nd4 Nd6 25. Nf3 Nf7 26. Rxe8
Rxe8 27. Rxe8 Kxe8 28. h4 Ke7 29. Kf1 c5 30. Ke2 Ke6 31. g3 Nd6 32. Ng5+ Kf5
33. Nh3 b5 34. d4 cxd4 35. Nf4 Ne4 36. Nxd5 d3+ 37. Kxd3 Nxf2+ 38. Ke2 Ne4 39.
Kf3 Nd6 40. b4 Nc4 41. Ne7+ Kf6 42. Nd5+ Kf5 43. g4+ hxg4+ 44. Kg3 b6 45. Ne7+
Kf6 46. Nc6 Na3 47. Kxg4 Nc2 48. Kf3 Ne1+ 49. Kg3 Nc2 50. Kf4 Ne1 51. Ke4 Ng2
52. Kd5 Nxh4 53. Nd4 g5 54. Nxb5 Nf5 55. Nc3 Ne7+ 56. Kd6 g4 57. a4 Nf5+ 58.
Kc6 Ke5 59. Kxb6 Kd4 60. Ne2+ Ke3 61. Ng1 Kf2 62. a5 Kxg1 63. a6 g3 64. a7 g2
65. a8=Q Kf2 66. Qa2+ Kf3 67. Qd5+ Kg3 68. Qe5+ Kg4 69. Qh2 Kf3 70. b5 Ng3 71.
Kc7 Ne2 72. b6 1-0

[Event "Guernsey Open 2011"]
[Site "Guernsey, Channel Islands"]
[Date "2011.10.16"]
[Round "1"]
[White "Pickersgill, Adrian"]
[Black "Pert, Nicholas"]
[Result "0-1"]
[WhiteElo "2002"]
[BlackElo "2557"]
[PlyCount "46"]
[EventDate "2011.10.16"]
[SourceDate "2011.11.07"]

1. e4 c5 2. c3 Nf6 3. e5 Nd5 4. d4 cxd4 5. Qxd4 e6 6. Nf3 Nc6 7. Qe4 f5 8. Qe2
Qc7 9. g3 b6 10. Bg2 Ncb4 11. Na3 Ba6 12. c4 Rc8 13. O-O Bxc4 14. Nxc4 Qxc4 15.
Qxc4 Rxc4 16. Bd2 Be7 17. Rac1 Rc5 18. Rxc5 bxc5 19. a3 Nc6 20. Rc1 O-O 21. Bf1
Rb8 22. Rc2 Rb3 23. Kg2 Rxf3 0-1

[Event "Guernsey Open 2011"]
[Site "Guernsey, Channel Islands"]
[Date "2011.10.16"]
[Round "1"]
[White "Hillarp Persson, Tiger"]
[Black "Rowe, Peter"]
[Result "1-0"]
[WhiteElo "2535"]
[BlackElo "1999"]
[PlyCount "41"]
[EventDate "2011.10.16"]
[SourceDate "2011.11.07"]

1. d4 d5 2. c4 e6 3. Nf3 Nf6 4. g3 dxc4 5. Bg2 Be7 6. Qa4+ Nbd7 7. Qxc4 a6 8.
Bf4 Nd5 9. Nc3 N7b6 10. Qb3 Nxf4 11. gxf4 Qd6 12. e3 Qb4 13. Qc2 Nd5 14. O-O c6
15. Ne4 Bd7 16. Ne5 Rd8 17. Nc4 Nb6 18. Ncd6+ Bxd6 19. a3 Qa4 20. Nxd6+ Kf8 21.
Qc5 1-0

[Event "Guernsey Open 2011"]
[Site "Guernsey, Channel Islands"]
[Date "2011.10.16"]
[Round "1"]
[White "Dijksterhuis, Rolf"]
[Black "Hebden, Mark"]
[Result "0-1"]
[WhiteElo "1998"]
[BlackElo "2506"]
[PlyCount "52"]
[EventDate "2011.10.16"]
[SourceDate "2011.11.07"]

1. d4 Nf6 2. Nf3 g6 3. c4 Bg7 4. Nc3 O-O 5. g3 d6 6. Bg2 Nc6 7. O-O Rb8 8. b3
e5 9. dxe5 dxe5 10. Ba3 Re8 11. Qxd8 Nxd8 12. Rad1 e4 13. Ng5 Bf5 14. Nb5 h6
15. Nh3 Ne6 16. e3 Bg4 17. Rd2 g5 18. Rc1 Rbd8 19. Rxd8 Rxd8 20. Bb4 Nd7 21.
Kf1 a6 22. Nc3 c5 23. Ba3 Bxc3 24. Rxc3 Ne5 25. Rc1 Rd2 26. Ra1 Nd3 0-1

[Event "Guernsey Open 2011"]
[Site "Guernsey, Channel Islands"]
[Date "2011.10.16"]
[Round "1"]
[White "Mack, Wolfgang"]
[Black "Goris, Ton"]
[Result "1-0"]
[WhiteElo "2279"]
[BlackElo "1993"]
[PlyCount "49"]
[EventDate "2011.10.16"]
[SourceDate "2011.11.07"]

1. c4 e5 2. g3 Nf6 3. Bg2 d5 4. cxd5 Nxd5 5. Nc3 Nb6 6. Nf3 Nc6 7. a3 a5 8. d3
Be7 9. Be3 Be6 10. O-O O-O 11. Rc1 f6 12. Na4 Nxa4 13. Qxa4 Qd7 14. Rfe1 Rfd8
15. Nd2 Bd5 16. Ne4 Rab8 17. Nc5 Bxc5 18. Bxd5+ Qxd5 19. Rxc5 Qe6 20. Rec1 Rd7
21. Qb5 Re8 22. Qxb7 Nd4 23. Bxd4 exd4 24. Rxc7 Rxc7 25. Rxc7 1-0

[Event "Guernsey Open 2011"]
[Site "Guernsey, Channel Islands"]
[Date "2011.10.16"]
[Round "1"]
[White "Downey, Keith"]
[Black "Cornelisse, Johnny JA"]
[Result "0-1"]
[WhiteElo "1987"]
[BlackElo "2217"]
[PlyCount "88"]
[EventDate "2011.10.16"]
[SourceDate "2011.11.07"]

1. Nf3 Nf6 2. c4 g6 3. Nc3 Bg7 4. g3 O-O 5. Bg2 d6 6. O-O e5 7. d3 Nc6 8. Rb1
a5 9. a3 Re8 10. Bg5 h6 11. Bxf6 Bxf6 12. Nd5 Bg7 13. b4 axb4 14. axb4 e4 15.
dxe4 Rxe4 16. b5 Nb8 17. Nd2 Re8 18. b6 Na6 19. bxc7 Nxc7 20. Nb6 Ra7 21. Nxc8
Qxc8 22. Ne4 Rd8 23. Qb3 Ne6 24. e3 f5 25. Nd2 Nc5 26. Qb5 Kh7 27. Bd5 Na4 28.
Rb3 b6 29. Qc6 Qb8 30. Bg2 Rc8 31. Qf3 Nc5 32. Rbb1 Ra2 33. Rfd1 Na4 34. e4 f4
35. Rb3 fxg3 36. hxg3 Rf8 37. Qe3 Qe8 38. f4 Nc5 39. Rxb6 Qa4 40. Rbb1 Ra3 41.
Qf2 Rd3 42. Kh2 g5 43. e5 gxf4 44. gxf4 Rxf4 0-1

[Event "Guernsey Open 2011"]
[Site "Guernsey, Channel Islands"]
[Date "2011.10.16"]
[Round "1"]
[White "Williams, Peter A"]
[Black "Bakker, Joop PA"]
[Result "1-0"]
[WhiteElo "2196"]
[BlackElo "1986"]
[PlyCount "55"]
[EventDate "2011.10.16"]
[SourceDate "2011.11.07"]

1. d4 d6 2. Nf3 Bg4 3. e4 Nf6 4. Nc3 e6 5. Be3 Be7 6. Bd3 O-O 7. h3 Bh5 8. Qe2
Bg6 9. Nh4 d5 10. Nxg6 hxg6 11. O-O-O dxe4 12. Nxe4 Nc6 13. Nxf6+ Bxf6 14. c3
Ne7 15. h4 Nd5 16. Qf3 Nxe3 17. fxe3 Qd5 18. e4 Qxa2 19. e5 Be7 20. h5 Bg5+ 21.
Kc2 f6 22. Ra1 Qd5 23. Be4 Qd8 24. hxg6 fxe5 25. Qh3 Bh6 26. Qxe6+ Kh8 27.
Rxh6+ gxh6 28. g7+ 1-0

[Event "Guernsey Open 2011"]
[Site "Guernsey, Channel Islands"]
[Date "2011.10.16"]
[Round "1"]
[White "Spanton, Timothy"]
[Black "Reijneveld, Ad"]
[Result "0-1"]
[WhiteElo "1980"]
[BlackElo "2172"]
[PlyCount "96"]
[EventDate "2011.10.16"]
[SourceDate "2011.11.07"]

1. e4 c5 2. Nc3 Nc6 3. g3 g6 4. Bg2 Bg7 5. d3 e6 6. Be3 d6 7. Qd2 Nge7 8. Bh6
O-O 9. h4 f6 10. Nf3 Nd4 11. Nxd4 cxd4 12. Ne2 e5 13. c3 Qb6 14. Bxg7 Kxg7 15.
cxd4 exd4 16. Bh3 Bxh3 17. Rxh3 d5 18. h5 g5 19. e5 Qe6 20. h6+ Kh8 21. Rh2
Qxe5 22. O-O-O Nf5 23. Kb1 Rae8 24. Ng1 g4 25. Rh5 Rg8 26. Qb4 b6 27. Qa4 Re7
28. Qb4 Rg5 29. Rh1 Qd6 30. Qd2 Qe6 31. Rc1 Kg8 32. b4 Kf7 33. b5 Kg6 34. Rc6
Qe1+ 35. Kc2 Qf1 36. Nh3 Qxh3 37. Rxh3 gxh3 38. Qd1 Nxh6 39. Qh1 Rh5 40. Kd2 h2
41. f3 Rh3 42. g4 Nf7 43. f4 Ree3 44. Qxd5 h1=Q 45. Qf5+ Kg7 46. Qxf6+ Kf8 47.
Rc8+ Re8 48. Rxe8+ Kxe8 0-1

[Event "Guernsey Open 2011"]
[Site "Guernsey, Channel Islands"]
[Date "2011.10.16"]
[Round "1"]
[White "Hickman, John"]
[Black "Havenaar, Jan"]
[Result "0-1"]
[WhiteElo "1975"]
[BlackElo "2156"]
[PlyCount "70"]
[EventDate "2011.10.16"]
[SourceDate "2011.11.07"]

1. Nf3 c5 2. e4 Nf6 3. d3 d5 4. Nbd2 Nc6 5. g3 e5 6. Bg2 Bd6 7. O-O O-O 8. c3
d4 9. cxd4 cxd4 10. a3 a5 11. b3 b5 12. Bb2 Qe7 13. h3 Bd7 14. Nh4 g6 15. Qe2
Nh5 16. a4 Rab8 17. axb5 Rxb5 18. Nc4 Rfb8 19. Nxd6 Qxd6 20. Ba3 Qe6 21. Kh2
Rxb3 22. f4 exf4 23. gxf4 Rxa3 24. Rxa3 Qe7 25. Ra2 Qxh4 26. Qf2 Qxf2 27. Rfxf2
Rb3 28. e5 Rxd3 29. Bf3 Rc3 30. Bg4 Be6 31. Rac2 Nb4 32. Rcd2 d3 33. f5 Bd5 34.
e6 fxe6 35. fxe6 Rc1 0-1

[Event "Guernsey Open 2011"]
[Site "Guernsey, Channel Islands"]
[Date "2011.10.16"]
[Round "1"]
[White "Chernoff, John"]
[Black "Morcom, Hugh"]
[Result "0-1"]
[WhiteElo "2140"]
[BlackElo "1955"]
[PlyCount "66"]
[EventDate "2011.10.16"]
[SourceDate "2011.11.07"]

1. e4 c5 2. g3 d6 3. Bg2 g6 4. d3 Bg7 5. f4 e5 6. Nf3 Nc6 7. O-O Nf6 8. h3 O-O
9. g4 h5 10. g5 Nh7 11. f5 gxf5 12. Nh4 f4 13. Qxh5 Qxg5 14. Qxg5 Nxg5 15. Kh2
Nd4 16. Rf2 Bf6 17. c3 Nxh3 18. Rd2 Bxh4 19. cxd4 Bg3+ 20. Kh1 cxd4 21. Bf3 Ng5
22. Bd1 Bh3 23. Rc2 Kg7 24. Nd2 Rh8 25. Kg1 Rag8 26. Nf3 Nxf3+ 27. Bxf3 Kf6 28.
b3 Be1+ 29. Bg2 f3 30. Bg5+ Rxg5 31. Rxe1 Rxg2+ 32. Rxg2 Bxg2 33. Kf2 Rh1 0-1

[Event "Guernsey Open 2011"]
[Site "Guernsey, Channel Islands"]
[Date "2011.10.16"]
[Round "1"]
[White "De Kruif, Kees"]
[Black "Goater, Kevin"]
[Result "1/2-1/2"]
[WhiteElo "1953"]
[BlackElo "2138"]
[PlyCount "71"]
[EventDate "2011.10.16"]
[SourceDate "2011.11.07"]

1. b4 c6 2. Bb2 Qb6 3. a3 a5 4. c4 d6 5. Nc3 Nd7 6. e3 Ngf6 7. Nf3 g6 8. Be2
Bg7 9. Na4 Qc7 10. O-O O-O 11. Qc2 b6 12. Rfc1 Rb8 13. Rab1 Re8 14. Bxf6 Bxf6
15. bxa5 bxa5 16. Rxb8 Qxb8 17. Rb1 Qa7 18. d4 Ba6 19. Nc3 Qc7 20. Ne4 Bg7 21.
c5 Bxe2 22. Qxe2 d5 23. Nc3 Nxc5 24. Nb5 cxb5 25. dxc5 b4 26. axb4 axb4 27.
Rxb4 Qxc5 28. Qb5 Qc1+ 29. Qf1 Rc8 30. g3 Qa3 31. Rb1 e5 32. Qb5 Qd6 33. Qb7
Rf8 34. Rb6 Qd8 35. Rb4 Qf6 36. Qxd5 1/2-1/2

[Event "Guernsey Open 2011"]
[Site "Guernsey, Channel Islands"]
[Date "2011.10.16"]
[Round "1"]
[White "Heppell, Ian"]
[Black "Dennis, Nigel"]
[Result "1/2-1/2"]
[WhiteElo "2132"]
[BlackElo "1932"]
[PlyCount "130"]
[EventDate "2011.10.16"]
[SourceDate "2011.11.07"]

1. e4 c5 2. Nf3 d6 3. c3 Nf6 4. Bd3 Nc6 5. Bc2 g6 6. d4 cxd4 7. cxd4 a6 8. Nc3
Bg4 9. Be3 Bg7 10. O-O O-O 11. h3 Bxf3 12. Qxf3 Qa5 13. Rfd1 Rac8 14. Qe2 b5
15. a3 b4 16. axb4 Qxb4 17. Ba4 Rfd8 18. Qxa6 Qxb2 19. Bxc6 Qxc3 20. Rdc1 Qb3
21. Rab1 Qe6 22. Qb7 h5 23. f3 Ne8 24. Bd5 Rxc1+ 25. Rxc1 Qf6 26. Rc8 e6 27.
Bc6 Kf8 28. Qb8 Rxc8 29. Qxc8 Qe7 30. Kh1 f6 31. Bd2 Kf7 32. d5 exd5 33. Bxd5+
Kf8 34. Bc6 Kf7 35. Bb4 Bh6 36. Qxe8+ Qxe8 37. Bxe8+ Kxe8 38. Bxd6 Kd7 39. Bb8
Ke6 40. Kh2 f5 41. Kg3 fxe4 42. fxe4 Bd2 43. Bf4 Be1+ 44. Kf3 Ba5 45. Bc1 Bc7
46. Bb2 Bd6 47. Bd4 Bc7 48. Be3 Bd6 49. Bf4 Bb4 50. Ke3 Ba5 51. Kf3 Bb4 52. g4
hxg4+ 53. Kxg4 Be7 54. Bg5 Bb4 55. Bc1 Be7 56. Kf4 Bd8 57. e5 Be7 58. Ke4 Bh4
59. Bh6 Bg3 60. Bf4 Bh4 61. Bh2 Be1 62. Kf4 Bd2+ 63. Kg4 g5 64. Bg3 Bc1 65. Bh2
Bd2 1/2-1/2

[Event "Guernsey Open 2011"]
[Site "Guernsey, Channel Islands"]
[Date "2011.10.16"]
[Round "1"]
[White "Van Hoek, Wim"]
[Black "Taylor, Mark V"]
[Result "0-1"]
[WhiteElo "1936"]
[BlackElo "2131"]
[PlyCount "54"]
[EventDate "2011.10.16"]
[SourceDate "2011.11.07"]

1. e4 e6 2. d4 d5 3. e5 c5 4. c3 Nc6 5. Nf3 Bd7 6. Be2 f6 7. O-O fxe5 8. Nxe5
Nxe5 9. dxe5 Qc7 10. Re1 Be7 11. Bh5+ g6 12. Bf3 O-O-O 13. a4 g5 14. Na3 a6 15.
b4 Nh6 16. bxc5 Nf5 17. Be3 Nxe3 18. Rxe3 Bxc5 19. Re2 h5 20. c4 g4 21. Bxd5
exd5 22. cxd5 Bc6 23. d6 Qg7 24. Qc1 g3 25. hxg3 Qxg3 26. Qf1 Rhg8 27. Nc4 Bxg2
0-1

[Event "Guernsey Open 2011"]
[Site "Guernsey, Channel Islands"]
[Date "2011.10.16"]
[Round "1"]
[White "Casiot, David J"]
[Black "Fassaert, Desire"]
[Result "1/2-1/2"]
[WhiteElo "2125"]
[BlackElo "1930"]
[PlyCount "42"]
[EventDate "2011.10.16"]
[SourceDate "2011.11.07"]

1. e4 c6 2. d4 d5 3. e5 Bf5 4. Ne2 e6 5. Ng3 Bg6 6. h4 h6 7. h5 Bh7 8. Nd2 Nd7
9. Nf3 Ne7 10. Bd3 Bxd3 11. Qxd3 c5 12. c3 Nc6 13. Bd2 Rc8 14. O-O Be7 15. a3
O-O 16. b4 cxd4 17. cxd4 a6 18. b5 Na5 19. bxa6 bxa6 20. Rfb1 Nc4 21. Bb4 a5
1/2-1/2

[Event "Guernsey Open 2011"]
[Site "Guernsey, Channel Islands"]
[Date "2011.10.16"]
[Round "1"]
[White "Gravett, Alan D"]
[Black "Brookes, Christopher"]
[Result "0-1"]
[WhiteElo "1925"]
[BlackElo "2122"]
[PlyCount "74"]
[EventDate "2011.10.16"]
[SourceDate "2011.11.07"]

1. g3 d5 2. Nf3 g6 3. Bg2 Bg7 4. O-O Nf6 5. c4 O-O 6. cxd5 Nxd5 7. Nc3 Nc6 8.
a3 Nb6 9. d3 h6 10. Bd2 Be6 11. Rb1 a5 12. Ne4 Ba2 13. Ra1 Bd5 14. Nc3 Be6 15.
Qc1 Kh7 16. Ne4 Nd7 17. Rb1 Ba2 18. Ra1 Bd5 19. Neg5+ Kg8 20. Nh3 g5 21. Bxg5
hxg5 22. Qxg5 Bxf3 23. Bxf3 e5 24. Bxc6 Qxg5 25. Nxg5 bxc6 26. Rac1 Bh6 27. h4
Bxg5 28. hxg5 Ra6 29. f4 Rb8 30. Rc2 exf4 31. gxf4 c5 32. d4 Rab6 33. dxc5 Rxb2
34. Rxb2 Rxb2 35. f5 Rxe2 36. Rd1 Nxc5 37. Rc1 Re5 0-1

[Event "Guernsey Open 2011"]
[Site "Guernsey, Channel Islands"]
[Date "2011.10.16"]
[Round "1"]
[White "Wismayer, Clive R"]
[Black "Carlucci, Paul"]
[Result "1-0"]
[WhiteElo "2114"]
[BlackElo "1898"]
[PlyCount "75"]
[EventDate "2011.10.16"]
[SourceDate "2011.11.07"]

1. e4 d5 2. d3 c6 3. c3 e6 4. Nf3 dxe4 5. dxe4 Be7 6. Nbd2 Nf6 7. e5 Nd5 8. Ne4
Na6 9. Bxa6 bxa6 10. c4 Nb6 11. Qxd8+ Bxd8 12. Nd6+ Kf8 13. Ng5 Bxg5 14. Bxg5
h6 15. Be3 a5 16. Bc5 Kg8 17. O-O-O Ba6 18. b3 Nd7 19. Bd4 Kh7 20. Bc3 Rhf8 21.
Ne4 Nb6 22. Bxa5 c5 23. Nxc5 Bxc4 24. Bxb6 Bd5 25. Ba5 Rfc8 26. Rxd5 exd5 27.
b4 Re8 28. Re1 Kg6 29. Kd2 Kf5 30. Kd3 Rac8 31. Kd4 Rc6 32. e6 fxe6 33. Re5+
Kf6 34. f4 g6 35. b5 Rcc8 36. a4 h5 37. Be1 Rb8 38. Nd7+ 1-0

[Event "Guernsey Open 2011"]
[Site "Guernsey, Channel Islands"]
[Date "2011.10.16"]
[Round "1"]
[White "Collier, David"]
[Black "Campbell, Eoin"]
[Result "1-0"]
[WhiteElo "2100"]
[BlackElo "1885"]
[PlyCount "59"]
[EventDate "2011.10.16"]
[SourceDate "2011.11.07"]

1. d4 d6 2. c4 g6 3. Nc3 Bg7 4. e4 Nf6 5. f3 O-O 6. Be3 c5 7. Nge2 e6 8. dxc5
dxc5 9. Bxc5 Nc6 10. Bxf8 Qxf8 11. Nc1 Bd7 12. Be2 Rd8 13. O-O Bc8 14. Qe1 Nb4
15. Bd1 Qc5+ 16. Kh1 Qh5 17. e5 Bh6 18. exf6 Bf4 19. g3 Rd2 20. Rf2 Rxf2 21.
Qxf2 Bxc1 22. Rxc1 Qh6 23. Qd4 Nc6 24. Qf4 g5 25. Qd2 Qxf6 26. Ne4 Qh8 27.
Qxg5+ Kf8 28. Qf6 Qg8 29. Qh6+ Ke7 30. Qg5+ 1-0

[Event "Guernsey Open 2011"]
[Site "Guernsey, Channel Islands"]
[Date "2011.10.16"]
[Round "1"]
[White "Murray, Steve"]
[Black "Hamperl, Fred A"]
[Result "0-1"]
[WhiteElo "1885"]
[BlackElo "2098"]
[PlyCount "88"]
[EventDate "2011.10.16"]
[SourceDate "2011.11.07"]

1. e4 c5 2. Nf3 Nc6 3. Bb5 g6 4. O-O Bg7 5. Bxc6 dxc6 6. d3 Nf6 7. h3 Nd7 8.
Nc3 h6 9. Be3 e5 10. Qd2 Qe7 11. Ne2 Nf8 12. c3 Ne6 13. d4 cxd4 14. cxd4 Nxd4
15. Nexd4 exd4 16. Bxd4 O-O 17. Bxg7 Kxg7 18. Rfe1 Be6 19. Nd4 Rfd8 20. Nxe6+
Qxe6 21. Qc3+ Kg8 22. a3 Rd7 23. Qe3 h5 24. Rad1 a6 25. Rxd7 Qxd7 26. Re2 Rd8
27. f3 Qd6 28. Kf2 c5 29. Ke1 Qd1+ 30. Kf2 c4 31. Qc3 b5 32. Qc2 Qd4+ 33. Kf1
a5 34. e5 b4 35. axb4 axb4 36. Re4 b3 37. Qxc4 Qxb2 38. e6 Rd1+ 39. Re1 Rxe1+
40. Kxe1 Qe5+ 41. Kd2 b2 42. exf7+ Kf8 43. Qb3 Qg5+ 44. Kc2 Qc1+ 0-1

[Event "Guernsey Open 2011"]
[Site "Guernsey, Channel Islands"]
[Date "2011.10.16"]
[Round "1"]
[White "Pleasants, Allan J"]
[Black "Goris Schouwstra, Adri"]
[Result "1/2-1/2"]
[WhiteElo "2079"]
[BlackElo "1862"]
[PlyCount "112"]
[EventDate "2011.10.16"]
[SourceDate "2011.11.07"]

1. Nf3 d5 2. c4 c6 3. e3 Nf6 4. Nc3 h6 5. b3 e6 6. Bb2 Be7 7. d4 O-O 8. Bd3
Nbd7 9. Bc2 Re8 10. Qd3 Nf8 11. Ne5 Bd7 12. O-O a6 13. e4 dxe4 14. Nxe4 Nxe4
15. Qxe4 f5 16. Qf3 Bd6 17. Rfe1 Qf6 18. Bc3 Rad8 19. Ba5 Rc8 20. Rad1 Re7 21.
Bd3 Be8 22. c5 Bc7 23. Bxc7 Rcxc7 24. Bc4 Bf7 25. b4 Kh8 26. a4 Be8 27. Qb3 Kh7
28. Bf1 Kh8 29. Qe3 Kh7 30. f4 Kh8 31. Rd2 Kh7 32. g3 Kh8 33. Bg2 Kh7 34. Nc4
Ng6 35. Nd6 Bf7 36. Rb1 Be8 37. Rdb2 Bd7 38. Bf1 Qf8 39. b5 axb5 40. axb5 cxb5
41. Bxb5 Bxb5 42. Rxb5 Qa8 43. Qb3 Nf8 44. Rxb7 Rxb7 45. Nxb7 Rd7 46. Nd6 Rd8
47. Qb7 Qa4 48. Qb4 Qc2 49. Qb2 Qd3 50. Ra1 Qf3 51. Ra7 Qd5 52. Nf7 Rc8 53. Ne5
Ng6 54. Rd7 Qe4 55. Nxg6 Kxg6 56. d5 Rxc5 1/2-1/2

[Event "Guernsey Open 2011"]
[Site "Guernsey, Channel Islands"]
[Date "2011.10.16"]
[Round "1"]
[White "Nicholson, John"]
[Black "Purdon, Colin"]
[Result "0-1"]
[WhiteElo "1836"]
[BlackElo "2075"]
[PlyCount "38"]
[EventDate "2011.10.16"]
[SourceDate "2011.11.07"]

1. e4 e6 2. d4 d5 3. e5 c5 4. c3 Nc6 5. Nf3 Qb6 6. Bd3 Bd7 7. dxc5 Qc7 8. Qc2
Bxc5 9. O-O Nge7 10. b4 Bb6 11. a4 a6 12. Na3 Ng6 13. a5 Ba7 14. Re1 O-O 15. h4
f6 16. Bxg6 hxg6 17. Bf4 fxe5 18. Bxe5 Nxe5 19. Nxe5 Rxf2 0-1

[Event "Guernsey Open 2011"]
[Site "Guernsey, Channel Islands"]
[Date "2011.10.16"]
[Round "1"]
[White "Westerkamp, Bert"]
[Black "Glover, John"]
[Result "1/2-1/2"]
[WhiteElo "2063"]
[BlackElo "1857"]
[PlyCount "100"]
[EventDate "2011.10.16"]
[SourceDate "2011.11.07"]

1. e4 d5 2. exd5 Qxd5 3. Nc3 Qd6 4. d4 Nf6 5. Nf3 a6 6. Be2 Bf5 7. Ne5 c6 8.
Bf4 Nd5 9. Bg3 Qd8 10. Nxd5 cxd5 11. O-O e6 12. c3 Nc6 13. Qb3 Nxe5 14. Bxe5
Qd7 15. Qb6 Qc6 16. Qb3 f6 17. Bg3 Be7 18. Rfc1 O-O 19. c4 Rfc8 20. Rc3 Bd8 21.
Rac1 Qb6 22. Qa4 Qc6 23. Qa3 Qd7 24. cxd5 Rxc3 25. Qxc3 exd5 26. Bf3 Be6 27.
Qb3 Rc8 28. Rxc8 Qxc8 29. h3 Qc6 30. Bf4 Kf7 31. Qd3 g6 32. Bd2 b5 33. Qe3 Bb6
34. Qh6 Kg8 35. Bb4 Qe8 36. Qe3 Kf7 37. Bc5 Bd8 38. Qh6 Kg8 39. b4 Qf7 40. Qf4
Qd7 41. Qb8 Kg7 42. Qa8 Qc8 43. Bxd5 Qxa8 44. Bxa8 Bxa2 45. Bb7 a5 46. Ba6 Bc4
47. bxa5 Bxa5 48. f3 Bd2 49. Kf2 h5 50. d5 Bxd5 1/2-1/2

[Event "Guernsey Open 2011"]
[Site "Guernsey, Channel Islands"]
[Date "2011.10.16"]
[Round "1"]
[White "Brookfield, Toby"]
[Black "Prins, Jan"]
[Result "1/2-1/2"]
[WhiteElo "1802"]
[BlackElo "2051"]
[PlyCount "78"]
[EventDate "2011.10.16"]
[SourceDate "2011.11.07"]

1. e4 d5 2. exd5 Qxd5 3. Nc3 Qa5 4. b4 Qxb4 5. Rb1 Qd6 6. d4 c6 7. Nge2 e6 8.
Bf4 Qd8 9. Ng3 Nf6 10. Be2 Qa5 11. Qd3 Bb4 12. Bd2 Nd5 13. Nge4 Nxc3 14. Nxc3
Nd7 15. O-O Bxc3 16. Bxc3 Qc7 17. Bb4 a5 18. Ba3 b5 19. c3 Ba6 20. Qe3 Nf6 21.
f4 Nd5 22. Qg3 g6 23. Bc5 h5 24. a4 b4 25. Bxa6 Rxa6 26. cxb4 axb4 27. Bxb4
Nxb4 28. Rxb4 O-O 29. Rfb1 Qd6 30. Qg5 Kg7 31. Qe5+ Qxe5 32. dxe5 Rd8 33. R1b2
Rd5 34. h4 c5 35. Rc4 Rd3 36. Kf2 Ra3 37. Rxc5 R6xa4 38. g3 Rd4 39. Rc7 Rad3
1/2-1/2

[Event "Guernsey Open 2011"]
[Site "Guernsey, Channel Islands"]
[Date "2011.10.16"]
[Round "1"]
[White "Maruejols, Claude"]
[Black "Reutimann, Hans Peter"]
[Result "1-0"]
[WhiteElo "2034"]
[BlackElo "1791"]
[PlyCount "53"]
[EventDate "2011.10.16"]
[SourceDate "2011.11.07"]

1. d4 d5 2. c4 e6 3. Nc3 c6 4. Nf3 Nf6 5. Bg5 Nbd7 6. e3 Qb6 7. Qc2 Bb4 8. Bd3
dxc4 9. Bxc4 Nd5 10. O-O Bxc3 11. bxc3 Nf8 12. e4 Nc7 13. a4 Qa5 14. Rfe1 Ng6
15. d5 O-O 16. d6 f6 17. Be3 Ne8 18. Red1 Bd7 19. Qb3 Ne5 20. Bxe6+ Bxe6 21.
Qxe6+ Nf7 22. Qb3 Rd8 23. d7 Nc7 24. Qxb7 c5 25. Qc6 Na6 26. Qb5 Qxc3 27. Rac1
1-0

[Event "Guernsey Open 2011"]
[Site "Guernsey, Channel Islands"]
[Date "2011.10.16"]
[Round "1"]
[White "Bridel, Jon"]
[Black "Thurlow, Kevin J"]
[Result "0-1"]
[WhiteElo "1775"]
[BlackElo "2033"]
[PlyCount "54"]
[EventDate "2011.10.16"]
[SourceDate "2011.11.07"]

1. b3 e5 2. Bb2 Nc6 3. c4 Nf6 4. e3 d5 5. cxd5 Nxd5 6. a3 Be6 7. Qc2 Bd6 8. Nf3
O-O 9. Bb5 Nde7 10. Bxc6 Nxc6 11. Nc3 f5 12. Nb5 Rc8 13. d3 a6 14. Nc3 Qe7 15.
O-O g5 16. b4 g4 17. Nd2 Rf6 18. f4 Rh6 19. g3 exf4 20. exf4 Nd4 21. Qd1 c5 22.
Re1 Qf7 23. Qb1 b5 24. Ne2 Nf3+ 25. Nxf3 gxf3 26. Nc1 cxb4 27. axb4 Rxh2 0-1

[Event "Guernsey Open 2011"]
[Site "Guernsey, Channel Islands"]
[Date "2011.10.16"]
[Round "1"]
[White "Burton, Ronnie"]
[Black "Vonhoff, Nils"]
[Result "1/2-1/2"]
[WhiteElo "2024"]
[BlackElo "1751"]
[PlyCount "46"]
[EventDate "2011.10.16"]
[SourceDate "2011.11.07"]

1. d4 Nf6 2. Nf3 g6 3. c4 Bg7 4. Nc3 d5 5. cxd5 Nxd5 6. e4 Nxc3 7. bxc3 c5 8.
Rb1 O-O 9. Be2 cxd4 10. cxd4 Nc6 11. Be3 Qa5+ 12. Qd2 Qxd2+ 13. Kxd2 Rd8 14.
Kc3 b6 15. Rhd1 Bg4 16. Ba6 Rd7 17. Rd3 Rad8 18. Rbd1 Bxf3 19. gxf3 Rc7 20. Kb3
Nb8 21. Bb5 a6 22. Bf4 Ra7 23. Bxb8 Rxb8 1/2-1/2

[Event "Guernsey Open 2011"]
[Site "Guernsey, Channel Islands"]
[Date "2011.10.16"]
[Round "1"]
[White "Knight, Tim R"]
[Black "Hauptmann, Thomas"]
[Result "1/2-1/2"]
[WhiteElo "1744"]
[BlackElo "2018"]
[PlyCount "45"]
[EventDate "2011.10.16"]
[SourceDate "2011.11.07"]

1. e4 c6 2. d4 d5 3. exd5 cxd5 4. c4 Nf6 5. Nc3 e6 6. Bg5 Be7 7. Nf3 O-O 8. Rc1
Nc6 9. c5 h6 10. Bh4 Bd7 11. Bb5 b6 12. Bxc6 Bxc6 13. Ne5 Rc8 14. Nxc6 Rxc6 15.
Qa4 Qd7 16. b4 bxc5 17. bxc5 Rfc8 18. O-O Ne4 19. Bxe7 Nxc3 20. Rxc3 Qxe7 21.
f4 R6c7 22. Rb1 Qf6 23. g3 1/2-1/2

[Event "Guernsey Open 2011"]
[Site "Guernsey, Channel Islands"]
[Date "2011.10.16"]
[Round "1"]
[White "Von Saldern, Rudiger"]
[Black "Bakkes, Frits"]
[Result "0-1"]
[WhiteElo "2010"]
[BlackElo "1605"]
[PlyCount "74"]
[EventDate "2011.10.16"]
[SourceDate "2011.11.07"]

1. d4 d5 2. Nf3 Nf6 3. c4 c6 4. Nc3 e6 5. Bg5 Nbd7 6. e3 Qa5 7. Bxf6 Nxf6 8.
Bd3 dxc4 9. Bxc4 Bb4 10. Qb3 Ne4 11. Rc1 O-O 12. O-O Nxc3 13. bxc3 Be7 14. e4
Rb8 15. Bd3 b5 16. Rfd1 c5 17. Bb1 b4 18. c4 cxd4 19. Nxd4 Bb7 20. Nb5 Bg5 21.
Qg3 Bxc1 22. Rxc1 Rbd8 23. Nd6 Ba8 24. c5 Qa3 25. Qxa3 bxa3 26. Bc2 Bc6 27. Bb3
Rb8 28. f3 a5 29. Kf2 a4 30. Bc4 Rb2+ 31. Kg3 Rfb8 32. Rc3 Rd2 33. Rxa3 Rbb2
34. Bf1 Rxa2 35. Rc3 Rf2 36. Rc1 Rfc2 37. Rd1 g6 0-1